Pays limitrophes des Pays commençant par les lettres D, E et F - Statistiques

Statistiques générales
  • Ce quiz a été pris 529 fois
  • Le résultat moyen est 27 sur 29
Statistiques - réponses
Réponse % Correct
Allemagne
98%
Andorre
98%
Belgique
98%
Canada
98%
France
98%
Lettonie
98%
Mexique
98%
Portugal
98%
Russie
98%
Suède
98%
Suisse
98%
Italie
97%
Arabie Saoudite
96%
Libye
96%
Luxembourg
96%
Norvège
96%
Soudan
96%
Colombie
95%
Erythrée
95%
Ethiopie
94%
Pérou
94%
Oman
93%
Somalie
93%
Monaco
92%
Espagne
90%
Djibouti
88%
Soudan du Sud
87%
Israël
85%
Kenya
85%
Aucun quiz correspondant
Distribution des résultats
% des personnes avec chaque résultat
Percentile par nombre de réponses
Votre historique - résultats
Vous n’avez pas pris ce quiz